| 000 | 01112nam a2200301 i 4500 | ||
|---|---|---|---|
| 003 | DO-SdBNP | ||
| 005 | 20260520095349.0 | ||
| 007 | ta | ||
| 008 | 210823e2018 dr ||||ergl|| 001 0dspa d | ||
| 020 | _a9789945609950 | ||
| 040 |
_aDO-SdBNP _bspa _cBNPHU _erda |
||
| 041 | _aspa | ||
| 082 | 4 |
_a344.729302 _bJ614p _222 |
|
| 100 | 1 |
_aJiménez Cedano, Baldomero, _eautor _979528 _4aut. |
|
| 245 | 1 | 0 |
_aPerspectiva de la Ley 87-01 y sus reglamentos / _bBaldomero Jiménez Cedano. |
| 264 |
_aSanto Domingo : _bEditorial Santuario, _c2018. |
||
| 300 |
_a298 páginas ; _c23 cm |
||
| 336 |
_atexto _btxt _2rdacontent |
||
| 337 |
_asin mediación _bn _2rdamedia |
||
| 338 |
_avolumen _bnc _2rdacarrier |
||
| 500 | _aIncluye biografía del autor en la solapa. | ||
| 504 | _aBibliografía: páginas 297-298 | ||
| 590 | _aInventariado 2021 / MF | ||
| 610 | 1 | 0 |
_a Republica Dominicana. _tLey 87-01 que crea el Sistema Dominicano de Seguridad Social. _989559 |
| 650 | 7 |
_aSeguridad social _xLeyes y legislación _zRepública Dominicana _911764 _2LIBRUNAM |
|
| 910 | _aValidado. Control de calidad MFF | ||
| 942 |
_2ddc _cLBS1 |
||
| 999 |
_c50241 _d50241 |
||